[Event "World Blitz Women 2017"]
[Site "Riyadh KSA"]
[Date "2017.12.30"]
[Round "21.33"]
[White "Cornette, Deimante"]
[Black "Gu, Xiaobing"]
[Result "1-0"]
[WhiteTitle "IM"]
[BlackTitle "WGM"]
[WhiteElo "2439"]
[BlackElo "2332"]
[WhiteFideId "12802859"]
[BlackFideId "8602611"]
[EventDate "2017.12.29"]

1. e4 c5 2. Nc3 a6 3. g3 b5 4. Bg2 Bb7 5. Nge2 e6 6. d4 cxd4 7. Nxd4 d6 8. O-O
Nf6 9. Re1 Qc7 10. a4 b4 11. Nd5 exd5 12. exd5+ Kd8 13. Bg5 Nd7 14. Qe2 Qc5 15.
Nc6+ Bxc6 16. dxc6 Qxg5 17. cxd7 Kxd7 18. Bxa8 d5 19. Qxa6 Ne4 20. Qc6+ Kd8 21.
Rxe4 dxe4 22. Rd1+ Ke7 23. Qd6+ Ke8 24. Qd7# 1-0

[Event "World Blitz Women 2017"]
[Site "Riyadh KSA"]
[Date "2017.12.30"]
[Round "21.34"]
[White "Batchimeg, Tuvshintugs"]
[Black "Ordaz Valdes, Lisandra Teresa"]
[Result "0-1"]
[WhiteTitle "IM"]
[BlackTitle "WGM"]
[WhiteElo "2398"]
[BlackElo "2414"]
[WhiteFideId "4900839"]
[BlackFideId "3506940"]
[EventDate "2017.12.29"]

1. d4 d5 2. c4 e6 3. Nc3 Be7 4. Nf3 Nf6 5. cxd5 exd5 6. Bg5 c6 7. Qc2 O-O 8. e3
Nbd7 9. Bd3 Re8 10. h3 Nf8 11. Bf4 Ne6 12. Bh2 c5 13. dxc5 d4 14. exd4 Nxd4 15.
Nxd4 Qxd4 16. O-O Rd8 17. Rad1 Qxc5 18. Rfe1 Be6 19. Be5 h6 20. Qe2 Rac8 21.
Bxf6 Bxf6 22. Ne4 Qe5 23. Nxf6+ Qxf6 24. Qe4 g6 25. Qxb7 Rb8 26. Qxa7 Rxb2 27.
a4 Rd4 28. a5 Qxf2+ 0-1

[Event "World Blitz Women 2017"]
[Site "Riyadh KSA"]
[Date "2017.12.30"]
[Round "21.35"]
[White "Mamedjarova, Turkan"]
[Black "Bivol, Alina"]
[Result "1-0"]
[WhiteTitle "WGM"]
[BlackTitle "WGM"]
[WhiteElo "2260"]
[BlackElo "2356"]
[WhiteFideId "13402005"]
[BlackFideId "4100123"]
[EventDate "2017.12.29"]

1. d4 Nf6 2. Nf3 g6 3. Bf4 d6 4. e3 Nh5 5. Bg3 Bg7 6. Bc4 c5 7. c3 Qb6 8. O-O
Nxg3 9. hxg3 O-O 10. Qc2 Nd7 11. Nbd2 Nf6 12. a4 d5 13. Be2 Bf5 14. Bd3 Bxd3 15.
Qxd3 Rac8 16. a5 Qd8 17. Qb5 cxd4 18. exd4 Qc7 19. Rfe1 e6 20. Ne5 Rfd8 21. Ndf3
Ne8 22. Qe2 Nd6 23. Ng4 h5 24. Nge5 Ne4 25. Nd2 Bxe5 26. dxe5 Nc5 27. Nf3 Ne4
28. Qe3 a6 29. Qh6 Rd7 30. Rxe4 dxe4 31. Ng5 Qxe5 32. Nh3 Rcd8 33. Kh2 Qg7 34.
Qe3 Qe5 35. Re1 Rd2 36. Qb6 Qb5 37. Qe3 Qc6 38. Qh6 R8d7 39. Ng5 Rxf2 40. Qh7+
Kf8 41. Qh8+ Ke7 42. Nh7 Rd8 43. Qe5 Qd6 44. Qg5+ Kd7 45. Nf6+ Kc8 46. Nxe4 Qd5 1-0

[Event "World Blitz Women 2017"]
[Site "Riyadh KSA"]
[Date "2017.12.30"]
[Round "21.36"]
[White "Sedina, Elena"]
[Black "Nguyen, Thi Mai Hung"]
[Result "1-0"]
[WhiteTitle "IM"]
[BlackTitle "WGM"]
[WhiteElo "2312"]
[BlackElo "2321"]
[WhiteFideId "812153"]
[BlackFideId "12401676"]
[EventDate "2017.12.29"]

1. e4 c5 2. Nf3 g6 3. c3 Bg7 4. d4 cxd4 5. cxd4 d5 6. e5 Bg4 7. Nbd2 Nc6 8. Bb5
Qb6 9. Ba4 e6 10. h3 Bxf3 11. Nxf3 Ne7 12. O-O O-O 13. a3 Nf5 14. Bxc6 Qxc6 15.
b4 Rfc8 16. g4 Ne7 17. Bg5 Qd7 18. Qd2 a6 19. Bf6 Bf8 20. h4 Rc4 21. Rfc1 Rac8
22. Kg2 Qc6 23. Bg5 Qa4 24. Qe3 Rxc1 25. Rxc1 Rxc1 26. Qxc1 Qc6 27. Qd2 Nc8 28.
Bh6 Be7 29. Qf4 Nb6 30. Ng5 Qe8 31. h5 Nc4 32. hxg6 hxg6 33. Nf3 Nxa3 34. Bg5
Bxb4 35. Bf6 Bf8 36. Qh2 Bg7 37. Ng5 Kf8 38. Qh7 Bxf6 39. exf6 1-0

[Event "World Blitz Women 2017"]
[Site "Riyadh KSA"]
[Date "2017.12.30"]
[Round "21.37"]
[White "Atalik, Ekaterina"]
[Black "Gevorgyan, Maria"]
[Result "1-0"]
[WhiteTitle "IM"]
[BlackTitle "WIM"]
[WhiteElo "2451"]
[BlackElo "2275"]
[WhiteFideId "4130189"]
[BlackFideId "13300270"]
[EventDate "2017.12.29"]

1. d4 d5 2. c4 dxc4 3. e4 e5 4. Nf3 Nc6 5. d5 Bb4+ 6. Bd2 Bxd2+ 7. Nbxd2 Nce7 8.
Nxe5 c6 9. Bxc4 Qd6 10. Nef3 cxd5 11. exd5 Nxd5 12. O-O Nge7 13. Ne4 Qd8 14. Qb3
O-O 15. Rad1 Be6 16. Neg5 Qb6 17. Nxe6 Qxb3 18. Bxb3 fxe6 19. Nd4 Rf6 20. Nxe6
Rxe6 21. Rxd5 Kf8 22. Rd7 Re2 23. Rxb7 a5 24. Bc4 Rc2 25. b3 a4 26. Re1 Rxc4 27.
bxc4 Nc6 28. c5 Ra5 29. Rc1 a3 30. Kf1 h5 31. Rb6 Ne7 32. c6 Ke8 33. Rb8+ Kf7
34. c7 1-0

[Event "World Blitz Women 2017"]
[Site "Riyadh KSA"]
[Date "2017.12.30"]
[Round "21.38"]
[White "Tokhirjonova, Gulrukhbegim"]
[Black "Ding, Yixin"]
[Result "0-1"]
[WhiteTitle "WGM"]
[BlackTitle "WGM"]
[WhiteElo "2329"]
[BlackElo "2424"]
[WhiteFideId "14203626"]
[BlackFideId "8602972"]
[EventDate "2017.12.29"]

1. e4 c5 2. Nf3 d6 3. d4 cxd4 4. Nxd4 Nf6 5. Nc3 a6 6. h3 e5 7. Nde2 h5 8. Bg5
Be7 9. Bxf6 Bxf6 10. Nd5 Bg5 11. g3 Be6 12. Bg2 Nd7 13. O-O h4 14. g4 Nb6 15.
Nec3 Rc8 16. Qd3 O-O 17. a4 Bxd5 18. exd5 Rc4 19. Ne2 Rxa4 20. Rad1 Rc4 21. b3
Rc8 22. f4 exf4 23. Nxf4 Nd7 24. Qf5 Ne5 25. Nd3 Nxd3 26. Qxd3 Re8 27. Kh1 Re3
28. Qf5 Rc7 29. Rde1 g6 30. Qf2 Rce7 31. Rxe3 Bxe3 32. Qxh4 Qc7 33. c4 Bd4 34.
g5 Qb6 35. Qg4 Be5 36. Qf3 Qd4 37. Re1 Qh4 38. Re4 Qxg5 39. h4 Qc1+ 40. Qf1 Qd2
41. Qf3 Kg7 42. h5 Re8 43. Rh4 Rh8 44. Bf1 Qg5 45. Rh3 Rxh5 46. Rxh5 gxh5 47.
Bh3 Qc1+ 48. Bf1 Qg5 49. Bh3 h4 50. b4 Bd4 51. b5 Qg1# 0-1

[Event "World Blitz Women 2017"]
[Site "Riyadh KSA"]
[Date "2017.12.30"]
[Round "21.39"]
[White "Zozulia, Anna"]
[Black "Enkhtuul, Altan-Ulzii"]
[Result "1/2-1/2"]
[WhiteTitle "IM"]
[BlackTitle "WGM"]
[WhiteElo "2316"]
[BlackElo "2344"]
[WhiteFideId "14102110"]
[BlackFideId "4901444"]
[EventDate "2017.12.29"]

1. e4 Nf6 2. e5 Nd5 3. d4 d6 4. exd6 exd6 5. Nf3 Be7 6. c4 Nb6 7. Bd3 Bg4 8. h3
Bh5 9. O-O Nc6 10. Be3 Nb4 11. Be2 O-O 12. a3 Nc6 13. b3 Bf6 14. Nc3 d5 15. c5
Nc8 16. b4 a6 17. Qb3 Bxf3 18. Bxf3 Nxd4 19. Bxd4 Bxd4 20. Rad1 Bxc3 21. Qxc3 c6
22. a4 Ne7 23. Qb3 Ng6 24. Rfe1 Qc7 25. b5 axb5 26. axb5 Ne5 27. bxc6 bxc6 28.
Qb6 Nxf3+ 29. gxf3 Qf4 30. Qxc6 Qxf3 31. Qxd5 Qxh3 32. c6 Ra4 33. Re4 Rxe4 34.
Qxe4 Qb3 35. Rc1 Qe6 36. Qd4 Rc8 37. c7 h5 38. Qd8+ Kh7 39. Qd4 Qg6+ 40. Kf1
Qa6+ 41. Kg1 Qh6 42. Rc3 h4 43. Qd7 Qg5+ 44. Kf1 Qf6 45. Qxc8 Qxc3 46. Qf5+ g6
47. c8=Q Qa1+ 48. Kg2 gxf5 49. Qxf5+ Kg8 50. Qg5+ Qg7 51. Qxg7+ Kxg7 52. Kh3 Kg6
53. Kxh4 Kf5 54. Kg3 Ke4 55. f3+ Kf5 56. Kf2 Kf4 57. Ke2 f6 58. Kf2 f5 59. Ke2
Kg3 60. f4 Kg4 61. Ke3 Kg3 62. Ke2 Kh4 63. Kf3 Kh3 64. Kf2 Kg4 65. Kg2 Kxf4 66.
Kf2 Ke4 67. Ke2 f4 68. Kf2 f3 69. Kf1 Kf4 70. Kf2 Kg4 71. Kf1 Kg3 72. Kg1 f2+
73. Kf1 Kf3 1/2-1/2

[Event "World Blitz Women 2017"]
[Site "Riyadh KSA"]
[Date "2017.12.30"]
[Round "21.40"]
[White "Vijayalakshmi, Subbaraman"]
[Black "Kovanova, Baira"]
[Result "1/2-1/2"]
[WhiteTitle "IM"]
[BlackTitle "WGM"]
[WhiteElo "2357"]
[BlackElo "2367"]
[WhiteFideId "5004098"]
[BlackFideId "4164083"]
[EventDate "2017.12.29"]

1. Nf3 Nf6 2. g3 d5 3. Bg2 e6 4. d4 Be7 5. O-O O-O 6. b3 b6 7. Bb2 Bb7 8. c4
Nbd7 9. Nbd2 dxc4 10. Nxc4 a5 11. Rc1 Be4 12. Nce5 Nxe5 13. Nxe5 Bxg2 14. Kxg2
c5 15. dxc5 Bxc5 16. Nd3 Be7 17. Qd2 Qd5+ 18. Kg1 Rfd8 19. Qe3 Ng4 20. Qf4 Qh5
21. h4 Nf6 22. Rfe1 Nd5 23. Qe5 Qh6 24. Kg2 Bf6 25. Qe4 Bxb2 26. Nxb2 Qd2 27.
Qc2 Qh6 28. Nd3 Qg6 29. Kh2 Qf6 30. Qd2 Nb4 31. Qe3 Nxd3 32. exd3 Rd6 33. Rc4
Rad8 34. Rd1 h6 35. Kg2 Qb2 36. Rf4 Qxa2 37. b4 a4 38. Rg4 Kf8 39. Qe5 Qd5+ 40.
Qxd5 Rxd5 41. b5 Rd4 42. Rxd4 Rxd4 43. Rc1 Rb4 44. Rc8+ Ke7 45. Ra8 Rxb5 46.
Rxa4 Rb3 47. d4 b5 48. Ra7+ Kf6 49. Rd7 b4 50. Rb7 Rb2 51. Kf3 b3 52. g4 Rb1 53.
Kf4 b2 54. f3 Kg6 55. g5 hxg5+ 56. hxg5 Rd1 57. Rxb2 Rxd4+ 58. Ke3 Ra4 59. f4
Ra3+ 60. Ke4 Ra4+ 61. Kf3 e5 62. fxe5 Kxg5 63. Rb7 Kg6 64. Ke3 Ra5 65. Ke4 Ra1
66. Rb6+ Kg5 67. Rb7 Re1+ 68. Kd4 Kg6 69. Ra7 f6 70. exf6 gxf6 71. Ra8 Kg5 72.
Kd3 f5 73. Kd2 Re6 74. Ra1 f4 75. Re1 Ra6 76. Ke2 Ra2+ 77. Kf3 Ra3+ 78. Kf2 Kg4
79. Rg1+ Kf5 80. Rg8 f3 81. Rf8+ 1/2-1/2

[Event "World Blitz Women 2017"]
[Site "Riyadh KSA"]
[Date "2017.12.30"]
[Round "21.41"]
[White "Ambartsumova, Karina"]
[Black "Savina, Anastasia"]
[Result "1/2-1/2"]
[WhiteTitle "WGM"]
[BlackTitle "IM"]
[WhiteElo "2359"]
[BlackElo "2350"]
[WhiteFideId "4166299"]
[BlackFideId "4196872"]
[EventDate "2017.12.29"]

1. d4 Nf6 2. Nf3 g6 3. g3 c5 4. c4 Qa5+ 5. Nc3 Ne4 6. Qc2 cxd4 7. Nxd4 Nxc3 8.
bxc3 Bg7 9. Bd2 Nc6 10. Nb3 Qa4 11. c5 b6 12. cxb6 axb6 13. Bg2 Ba6 14. Qe4 Qxe4
15. Bxe4 O-O 16. Bd3 Ne5 17. Be4 Rac8 18. Nd4 Nc4 19. Bd3 e5 20. Nb3 Bb7 21. f3
Nxd2 22. Nxd2 Rxc3 23. Rb1 Bh6 24. Nc4 Bxf3 25. exf3 Rxd3 26. Ke2 Rc3 27. Nxb6
Rc2+ 28. Kd3 Rxa2 29. Rhd1 d6 30. Nc4 Rd8 31. h4 Bg7 32. Rd2 Rxd2+ 33. Kxd2 d5
34. Ne3 d4 35. Nc4 Rc8 36. Kd3 Ra8 37. Rb5 f6 38. g4 h5 39. g5 Ra1 40. gxf6 Bxf6
41. Nxe5 Bxe5 42. Rxe5 Rd1+ 43. Ke2 Rh1 44. Re4 Rh2+ 45. Kd3 Rh3 46. Rf4 Kg7 47.
Kxd4 Rh1 48. Ke3 Ra1 49. Kf2 Ra2+ 50. Kg3 Ra3 51. Rb4 Ra6 52. Rb7+ Kf6 53. Rb4
Rc6 54. Rd4 1/2-1/2

[Event "World Blitz Women 2017"]
[Site "Riyadh KSA"]
[Date "2017.12.30"]
[Round "21.42"]
[White "Melia, Salome"]
[Black "Assaubayeva, Bibisara"]
[Result "0-1"]
[WhiteTitle "IM"]
[BlackTitle "FM"]
[WhiteElo "2404"]
[BlackElo "2381"]
[WhiteFideId "13602446"]
[BlackFideId "13708694"]
[EventDate "2017.12.29"]

1. b3 Nf6 2. Bb2 g6 3. Bxf6 exf6 4. c4 d5 5. cxd5 Qxd5 6. Nc3 Qa5 7. g3 f5 8.
Bg2 Bg7 9. Qc2 c6 10. e3 O-O 11. Nge2 f4 12. gxf4 Bf5 13. e4 Be6 14. O-O Na6 15.
a3 Rad8 16. b4 Qb6 17. Rab1 Bc4 18. Rbc1 Bd3 19. Qa2 c5 20. bxc5 Nxc5 21. Rfe1
Nb3 22. Rb1 Bc4 23. Nc1 Nxd2 24. Rxb6 Bxa2 25. Rxb7 Bxc3 26. Nxa2 Nf3+ 27. Bxf3
Bxe1 28. Kf1 Bxf2 29. Kxf2 Rd2+ 30. Kg3 Rxa2 31. Rxa7 Rd8 32. e5 Rd3 33. a4 Raa3
34. Kg4 Rxf3 35. a5 Rf2 36. Kg5 Ra4 37. a6 Rfxf4 38. Rb7 Rf5+ 0-1

[Event "World Blitz Women 2017"]
[Site "Riyadh KSA"]
[Date "2017.12.30"]
[Round "21.43"]
[White "Doluhanova, Evgeniya"]
[Black "Li, Ruofan"]
[Result "0-1"]
[WhiteTitle "WGM"]
[BlackTitle "IM"]
[WhiteElo "2352"]
[BlackElo "2351"]
[WhiteFideId "14112035"]
[BlackFideId "8600643"]
[EventDate "2017.12.29"]

1. e4 c5 2. Nf3 a6 3. d4 cxd4 4. Nxd4 Nf6 5. Nc3 e5 6. Nf3 Bb4 7. Bd2 d6 8. Bd3
Qc7 9. Nd5 Bxd2+ 10. Qxd2 Nxd5 11. exd5 O-O 12. O-O Nd7 13. c4 f5 14. Ng5 Nc5
15. f4 h6 16. Nh3 e4 17. Be2 a5 18. Kh1 Bd7 19. Nf2 Rae8 20. Nd1 b6 21. Ne3 Kh7
22. h4 Bc8 23. g3 Qe7 24. b3 g5 25. hxg5 hxg5 26. Kg2 Kg7 27. a3 Qf6 28. Rab1
Rh8 29. fxg5 Qe5 30. Qb2 Kg6 31. Qxe5 dxe5 32. b4 axb4 33. axb4 Nd3 34. Bxd3
exd3 35. Rh1 Kxg5 36. d6 Bb7+ 37. Nd5 Bxd5+ 38. cxd5 Rxh1 39. Rxh1 Rd8 40. Rc1
Rxd6 41. Kf2 Rxd5 42. Ke3 d2 43. Rd1 Kg4 44. Ke2 b5 0-1

[Event "World Blitz Women 2017"]
[Site "Riyadh KSA"]
[Date "2017.12.30"]
[Round "21.44"]
[White "Fierro Baquero, Martha L."]
[Black "Gara, Anita"]
[Result "0-1"]
[WhiteTitle "IM"]
[BlackTitle "IM"]
[WhiteElo "2369"]
[BlackElo "2367"]
[WhiteFideId "3600270"]
[BlackFideId "709751"]
[EventDate "2017.12.29"]

1. e4 c5 2. Nc3 Nc6 3. Bb5 Nd4 4. Bd3 d6 5. Nge2 Nxe2 6. Qxe2 Nf6 7. O-O e6 8.
f4 Be7 9. b3 b6 10. Bb2 O-O 11. e5 dxe5 12. fxe5 Nd5 13. Ne4 Bb7 14. Qh5 h6 15.
Nf6+ Kh8 16. Ng4 Bg5 17. Rxf7 Nf4 18. Rxf4 Rxf4 19. Qg6 Qg8 20. Nf2 Raf8 21. Nh3
Rg4 22. Bf1 0-1

[Event "World Blitz Women 2017"]
[Site "Riyadh KSA"]
[Date "2017.12.30"]
[Round "21.45"]
[White "Albzoor, Anwar"]
[Black "Gvetadze, Sofio"]
[Result "0-1"]
[WhiteTitle "WFM"]
[BlackTitle "IM"]
[WhiteElo "1595"]
[BlackElo "2289"]
[WhiteFideId "11500522"]
[BlackFideId "13601440"]
[EventDate "2017.12.29"]

1. Nf3 Nf6 2. c4 g6 3. Nc3 Bg7 4. g3 O-O 5. Bg2 d6 6. O-O e5 7. d3 Nc6 8. Bd2 h6
9. Rb1 Be6 10. b4 Qd7 11. b5 Ne7 12. a4 g5 13. Ne1 Rab8 14. Be3 b6 15. a5 d5 16.
axb6 axb6 17. cxd5 Nfxd5 18. Nxd5 Nxd5 19. Bd2 f5 20. Qc2 Rbd8 21. Bb4 Rfe8 22.
Nf3 Bf7 23. Rfc1 e4 24. dxe4 fxe4 25. Nd2 Nxb4 26. Rxb4 Qxd2 27. Bxe4 Qxb4 28.
Bd3 Qd6 29. Qxc7 Qxc7 30. Rxc7 Bd4 31. e3 Be5 0-1